WELCOME TO HOSPITALITY AN INTRODUCTION (Record no. 22735)

MARC details
000 -LEADER
fixed length control field 00299nam a22001337a 4500
003 - CONTROL NUMBER IDENTIFIER
control field SGT
020 ## - INTERNATIONAL STANDARD BOOK NUMBER
International Standard Book Number 987-240-207-1
082 ## - DEWEY DECIMAL CLASSIFICATION NUMBER
Classification number 647.94
Item number CHO
100 ## - MAIN ENTRY--PERSONAL NAME
Personal name CHON, KYE-SUNG
245 ## - TITLE STATEMENT
Title WELCOME TO HOSPITALITY AN INTRODUCTION
260 ## - PUBLICATION, DISTRIBUTION, ETC. (IMPRINT)
Place of publication, distribution, etc AFRICA
Name of publisher, distributor, etc DELMAR
Year of Publication 2001
300 ## - PAGE DESCRIPTION
No. of Pages 466
942 ## - ADDED ENTRY ELEMENTS (KOHA)
Source of classification or shelving scheme Dewey Decimal Classification
Koha item type Books
Holdings
Withdrawn status Lost status Source of classification or shelving scheme Damaged status Not for loan Collection code Home library Current library Date acquired SGTU Total Checkouts Full call number Accession No. (Barcode) Date last seen Bill Date Koha item type
    Dewey Decimal Classification     HOTEL MANAGEMENT SGT Science & Social Sciences Library SGT Science & Social Sciences Library 23/05/2022 SGTU   647.94 CHO HM1259 23/05/2022 23/05/2022 Books